Costa Rica contemporanea. Capítulo 2
Gorde:
| Egile nagusia: | |
|---|---|
| Formatua: | Texto |
| Argitaratua: |
San José:
Editorial Costa Rica
|
| Etiketak: |
Etiketa erantsi
Etiketarik gabe, Izan zaitez lehena erregistro honi etiketa jartzen!
|
MARC
| LEADER | 00000 a a2200000 04500 | ||
|---|---|---|---|
| 001 | 25938 | ||
| 003 | |||
| 040 | |||
| 090 | |a 174402 | ||
| 100 | |a Zelaya Goodman, Chester | ||
| 245 | |a Costa Rica contemporanea. Capítulo 2 | ||
| 260 | |a San José: |b Editorial Costa Rica | ||
| 300 | |a 313 p | ||
| 999 | |c 11705 |d 11705 | ||
